Reconnaissance Robot (Record no. 11311)

000 -LEADER
fixed length control field 00527 a2200157 4500
082 ## - DEWEY DECIMAL CLASSIFICATION NUMBER
Classification number BEE-5
100 ## - MAIN ENTRY--PERSONAL NAME
Personal name Muhammad Ali
245 ## - TITLE STATEMENT
Title Reconnaissance Robot
Statement of responsibility, etc. Muhammad Ali
260 ## - PUBLICATION, DISTRIBUTION, ETC.
Place of publication, distribution, etc. Islamabad
Name of publisher, distributor, etc. NUST-SEECS
Date of publication, distribution, etc. 2012
300 ## - PHYSICAL DESCRIPTION
Extent 62p.
Other physical details ;ill.
Dimensions ;27cm.+
Accompanying material CD ROM
500 ## - GENERAL NOTE
General note Supervisors: Dr. Tauseef Tauqeer, Mr. Khubab Ahmed, Mr. Saleem Iftikhar
563 ## - BINDING INFORMATION
Binding note HB
700 ## - ADDED ENTRY--PERSONAL NAME
Personal name Shan ur Rehman, Sajid Maqbool, Mian Adil Majeed
9 (RLIN) 92663
856 ## - ELECTRONIC LOCATION AND ACCESS
Uniform Resource Identifier <a href="http://10.250.8.41:8080/xmlui/handle/123456789/3956">http://10.250.8.41:8080/xmlui/handle/123456789/3956</a>
942 ## - ADDED ENTRY ELEMENTS (KOHA)
Koha item type Project Report
Call number prefix BEE-5 ALI
Source of classification or shelving scheme
Holdings
Withdrawn status Lost status Source of classification or shelving scheme Damaged status Not for loan Permanent Location Current Location Date acquired Full call number Barcode Date last seen Price effective from Koha item type
WITHDRAWN         Central Library (CL) Central Library (CL) 07/04/2022 BEE-5 ALI SEECSP01116 11/14/2012 11/14/2012 Project Report
© 2023 Central Library, National University of Sciences and Technology. All Rights Reserved.